00437nam a2200145Ia 4500003000400000008004100004040001600045082001800061245003600079260004500115300001100160490000500171999001700176952009800193GCL140319s9999 xx 000 0 ara d aGCL / cGCL04a658.37bج ا10aاعمال السكرتارية a[S.N] : bدار الفكر العربى a335 ص a c35513d35513 00104070aCAIbCAId2014-03-26l0o658.37\ج اp86567r2014-03-26 00:00:00w2014-03-26yBK